<?xml version="1.0" encoding="UTF-8"?><?xml-stylesheet type="text/xsl" href="static/style.xsl"?><OAI-PMH xmlns="http://www.openarchives.org/OAI/2.0/" xmlns:xsi="http://www.w3.org/2001/XMLSchema-instance" xsi:schemaLocation="http://www.openarchives.org/OAI/2.0/ http://www.openarchives.org/OAI/2.0/OAI-PMH.xsd"><responseDate>2026-04-28T01:57:32Z</responseDate><request verb="GetRecord" identifier="oai:uvadoc.uva.es:10324/6908" metadataPrefix="marc">https://uvadoc.uva.es/oai/request</request><GetRecord><record><header><identifier>oai:uvadoc.uva.es:10324/6908</identifier><datestamp>2021-06-29T10:08:17Z</datestamp><setSpec>com_10324_38</setSpec><setSpec>col_10324_852</setSpec></header><metadata><record xmlns="http://www.loc.gov/MARC21/slim" xmlns:doc="http://www.lyncode.com/xoai" xmlns:xsi="http://www.w3.org/2001/XMLSchema-instance" xmlns:dcterms="http://purl.org/dc/terms/" xsi:schemaLocation="http://www.loc.gov/MARC21/slim http://www.loc.gov/standards/marcxml/schema/MARC21slim.xsd">
<leader>00925njm 22002777a 4500</leader>
<datafield tag="042" ind1=" " ind2=" ">
<subfield code="a">dc</subfield>
</datafield>
<datafield tag="720" ind1=" " ind2=" ">
<subfield code="a">Pajares Diez, Alfonso</subfield>
<subfield code="e">author</subfield>
</datafield>
<datafield tag="260" ind1=" " ind2=" ">
<subfield code="c">2014</subfield>
</datafield>
<datafield tag="520" ind1=" " ind2=" ">
<subfield code="a">Este proyecto trata de la influencia de la televisión en la infancia. Hemos elaborado una serie de actividades enmarcadas en una propuesta metodológica, destinadas al alumnado de tercer ciclo, para desarrollar su competencia en el análisis de los medios de comunicación.&#xd;
En primer lugar, comenzamos con un marco teórico donde a partir de varias investigaciones estadísticas comprobamos cómo los datos de la audiencia infantil arrojan un consumo elevado de este medio por parte de los niños de 4 a 12 años desde hace décadas.&#xd;
Más adelante analizamos las conclusiones de diversos estudios sobre la influencia de la televisión en la infancia. Y para finalizar este primer apartado teórico, conocemos el papel de la escuela en torno al tratamiento de los medios de comunicación en general y de la televisión en particular. [...]</subfield>
</datafield>
<datafield tag="024" ind2=" " ind1="8">
<subfield code="a">http://uvadoc.uva.es/handle/10324/6908</subfield>
</datafield>
<datafield ind1=" " ind2=" " tag="653">
<subfield code="a">Medios de comunicación social y niños</subfield>
</datafield>
<datafield ind1=" " ind2=" " tag="653">
<subfield code="a">Medios de comunicación social en educación</subfield>
</datafield>
<datafield tag="245" ind1="0" ind2="0">
<subfield code="a">La televisión en el aula de educación primaria. Una propuesta curricular</subfield>
</datafield>
</record></metadata></record></GetRecord></OAI-PMH>